000 00505nam a2200181Ia 4500
005 20250508150548.0
008 008 250505s9999 xx 000 0 eng d
037 _aTextual
040 _aFEDL
_beng
_cFEDL
041 _aeng
_2eng
084 _a362.799 31, MAT
_qFEDL
100 _aMathew H. C.
_9107951
245 0 _aInstitutional care of dependent children in New Zealand
260 _c1942
300 _axii,141p
942 _cTEXL
_h362.799 31, MAT
999 _c1324276
_d1324276